Vývoj paralelného programu v jazyku C++ s využitím platformy PPL diplomová práca

Enregistré dans:
Détails bibliographiques
Auteur principal: Barák, Marek
Collectivité auteur: Fakulta hospodárskej informatiky EU. Katedra aplikovanej informatiky
Autres auteurs: Rakovská, Eva, 1963-
Format: Livre
Langue:slovaque
Publié: Bratislava 2014
Tags: Ajouter un tag
Pas de tags, Soyez le premier à ajouter un tag!

MARC

LEADER 00000nbm a2200000 4500
001 0197413
005 20161212111138.5
041 0 |a slo 
044 |a SK 
245 1 0 |a Vývoj paralelného programu v jazyku C++ s využitím platformy PPL  |b diplomová práca  |c Marek Barák ; školiteľ: Eva Rakovská 
264 1 |a Bratislava  |c 2014 
300 |a 73 s. 
100 1 |a Barák, Marek 
700 1 |a Rakovská, Eva, 1963- 
710 2 |a Fakulta hospodárskej informatiky EU. Katedra aplikovanej informatiky